00518nam a2200169 4500999001500000020001500015020001800030082001100048100002400059245005400083260003900137300001200176650003400188700002100222942000700243952009800250 c8341d8341 a8175442123 a9788175442122 a004BAS aBasandra, Suresh K. aWheeler's Advanced Computer Science Question Bank aIndia:bWheeler Publishing,c2000. a839p. ; acomputr science question Bank aBasandra, Karuna cBK 001040708REFaREFbREFd2014-07-23l0o004BAS (Shelf-02A)p23769r2014-07-23 00:00:00yBK